| 000 | 01323cam a2200409 i 4500 | ||
|---|---|---|---|
| 999 |
_c200447804 _d66016 |
||
| 001 | 200447804 | ||
| 003 | TR-AnTOB | ||
| 005 | 20230405141445.0 | ||
| 007 | ta | ||
| 008 | 960403s1995 enka b 000 0 eng d | ||
| 010 | _a 96139572 | ||
| 035 | _a(OCoLC)34508834 | ||
| 035 | _aALJ9026CU | ||
| 035 | _a(NNC)1774255 | ||
| 035 | _a(NNC)1774255 | ||
| 035 | _a1774255 | ||
| 035 | _a(TR-AnTOB)200447804 | ||
| 040 |
_aNBS _beng _erda _cNBS _dNNC _dTR-AnTOB |
||
| 041 | 0 | _aeng | |
| 050 | 0 | 4 |
_aHC59.7 _b.U55 1995 |
| 090 |
_aHC59.7 _b.U55 1995 |
||
| 245 | 1 | 0 |
_aUnited Nations Industrial Development Organization : _b30 years of industrial development, 1966-1996. |
| 264 | 1 |
_aLondon : _bInternational Systems and Communications, _c[1995] |
|
| 264 | 4 | _c©1995 | |
| 300 |
_a403 pages : _billustrations ; _c31 cm |
||
| 336 |
_atext _btxt _2rdacontent |
||
| 337 |
_aunmediated _bn _2rdamedia |
||
| 338 |
_avolume _bnc _2rdacarrier |
||
| 650 | 0 |
_aIndustries _zDeveloping countries _9128630 |
|
| 650 | 0 |
_aIndustrial promotion _zDeveloping countries _9135870 |
|
| 650 | 0 |
_aEconomic development _91528 |
|
| 710 | 2 |
_aInternational Systems and Communications Ltd _9135871 |
|
| 710 | 2 |
_aUnited Nations Industrial Development Organization _943398 |
|
| 942 |
_2lcc _cBK |
||